[Event "GER-chT U20"]
[Site "Willingen"]
[Date "2021.06.24"]
[Round "1"]
[White "Tiedemann, Fin Niklas"]
[Black "Dechant, Georg"]
[Result "0-1"]
[WhiteElo "1945"]
[BlackElo "2022"]
[PlyCount "80"]
[EventDate "2021.06.24"]
[EventType "team-swiss"]
[EventRounds "7"]
[EventCountry "GER"]
[SourceTitle "CBM 203 Extra"]
[Source "ChessBase"]
[SourceDate "2021.09.30"]
[SourceVersion "1"]
[SourceVersionDate "2021.09.30"]
[SourceQuality "1"]
[WhiteTeam "Luebeck"]
[BlackTeam "Regensburg Bavaria"]
[WhiteTeamCountry "GER"]
[BlackTeamCountry "GER"]

1. e4 c5 2. Nc3 Nc6 3. g3 g6 4. Bg2 Bg7 5. d3 d6 6. f4 e6 7. Nf3 Nge7 8. 0-0 0-0 9. Ne2 b6 10. c3 Bb7 11. d4 Qd7 12. dxc5 bxc5 13. e5 Nd5 14. exd6 Ba6 15. Ng5 Qxd6 16. Re1 Rfd8 17. Qa4 Bb7 18. Qb5 Qe7 19. Kf1 a6 20. Qc4 Na5 21. Qa4 Qc7 22. Ne4 Bc6 23. Qc2 Bb5 24. Rb1 Nc4 25. Kf2 Rac8 26. a4 Bc6 27. b3 Nd6 28. Bd2 Nf5 29. Ng1 c4 30. bxc4 Nb6 31. c5 Nc4 32. Bc1 Qa5 33. Rb4 Bd5 34. g4 Nh4 35. Bh1 f5 36. Kg3 fxe4 37. Kxh4 Qxc5 38. Nh3 Nd6 39. Bxe4 Bxc3 40. Bxg6 Bxe1+ 0-1

[Event "GER-chT U20"]
[Site "Osnabrueck"]
[Date "2018.12.28"]
[Round "4.3"]
[White "Dechant, Georg"]
[Black "Arns, Alexander"]
[Result "1/2-1/2"]
[WhiteElo "2104"]
[BlackElo "1920"]
[PlyCount "49"]
[EventDate "2018.12.27"]
[EventType "team-swiss"]
[EventRounds "7"]
[EventCountry "GER"]
[SourceTitle "CBM 188 Extra"]
[Source "ChessBase"]
[SourceDate "2019.02.26"]
[SourceVersion "1"]
[SourceVersionDate "2019.02.26"]
[SourceQuality "1"]
[WhiteTeam "Regensburg Bavaria"]
[BlackTeam "Biberach"]
[WhiteTeamCountry "GER"]
[BlackTeamCountry "GER"]

1. e4 d5 2. exd5 Qxd5 3. Nc3 Qa5 4. d4 Nf6 5. Nf3 Bg4 6. h3 Bxf3 7. Qxf3 c6 8. Bc4 e6 9. Bd2 Qc7 10. 0-0-0 Nbd7 11. g4 Nb6 12. Bb3 0-0-0 13. Bg5 Be7 14. Rhe1 Nfd5 15. Bxe7 Qxe7 16. Bxd5 cxd5 17. a3 a6 18. Na2 Rd7 19. Qb3 Qd6 20. Kb1 Rc7 21. Nb4 Nc4 22. Nd3 Qh2 23. Qb4 a5 24. Qa4 Qd6 25. Nc5 1/2-1/2

[Event "Bayernliga U20 1718"]
[Site "Bayern"]
[Date "2018.03.10"]
[Round "6.4"]
[White "Brueckner, Alexander"]
[Black "Dechant, Georg"]
[Result "1-0"]
[WhiteElo "1800"]
[BlackElo "2005"]
[PlyCount "95"]
[EventDate "2017.11.18"]
[EventType "team-tourn"]
[EventRounds "7"]
[EventCountry "GER"]
[SourceTitle "EXT 2022"]
[Source "ChessBase"]
[SourceDate "2021.10.06"]
[SourceVersion "1"]
[SourceVersionDate "2021.10.06"]
[SourceQuality "1"]
[WhiteTeam "Augsburg SF U20"]
[BlackTeam "Regensburg Bavaria U20"]
[WhiteTeamCountry "GER"]
[BlackTeamCountry "GER"]

1. e4 c5 2. Nc3 Nc6 3. g3 g6 4. Bg2 Bg7 5. d3 d6 6. Be3 e6 7. Qd2 Nd4 8. Nd1 Ne7 9. c3 Ndc6 10. f4 b6 11. Nf3 Ba6 12. 0-0 0-0 13. Re1 d5 14. exd5 Nxd5 15. Ne5 Nxe5 16. fxe5 Rc8 17. Bf2 Qc7 18. d4 Rfd8 19. Rc1 cxd4 20. Bxd4 Nb4 21. Nf2 Nc6 22. Qf4 Ne7 23. Ng4 Nf5 24. Be4 Bb7 25. Bxb7 Qxb7 26. Nf6+ Kh8 27. g4 Bxf6 28. gxf5 Bg7 29. f6 Bf8 30. Rcd1 Rd7 31. Rd3 Rcd8 32. Ree3 h5 33. Rh3 Kh7 34. Rh4 Bh6 35. Qg3 Qa6 36. a3 Qb5 37. b4 Qa4 38. Qf2 Qxa3 39. Qc2 Qc1+ 40. Qxc1 Bxc1 41. Kg2 Rd5 42. Re4 g5 43. Rd1 Bf4 44. Ra1 R8d7 45. h4 Rb7 46. Kf3 Kg6 47. Rg1 Kf5 48. Rxf4+ 1-0

[Event "Pardubice Czech op-B 28th"]
[Site "Pardubice"]
[Date "2017.07.27"]
[Round "7"]
[White "Dechant, Georg"]
[Black "Malivanek, Jiri"]
[Result "1/2-1/2"]
[WhiteElo "1962"]
[BlackElo "2070"]
[PlyCount "74"]
[EventDate "2017.07.21"]
[EventType "swiss"]
[EventRounds "9"]
[EventCountry "CZE"]
[SourceTitle "CBM 179 Extra"]
[Source "ChessBase"]
[SourceDate "2017.08.23"]
[SourceVersion "1"]
[SourceVersionDate "2017.08.23"]
[SourceQuality "1"]

1. e4 e6 2. d4 d5 3. e5 c5 4. c3 Qb6 5. Nf3 Nc6 6. a3 c4 7. Nbd2 Na5 8. g3 Bd7 9. Bh3 Be7 10. Rb1 h5 11. b4 cxb3 12. Nxb3 Ba4 13. Nfd2 Rc8 14. Qc2 Nh6 15. Qb2 0-0 16. 0-0 Bb5 17. Re1 Bd3 18. Ra1 Nf5 19. Bf1 Bxf1 20. Rxf1 Rc7 21. Nxa5 Qxa5 22. Nb1 Rfc8 23. Qd2 b5 24. Bb2 Qb6 25. Qe2 g6 26. f3 a5 27. g4 Ng7 28. Rc1 Rc4 29. Nd2 R4c6 30. Qe3 b4 31. axb4 axb4 32. cxb4 Rxc1+ 33. Rxc1 Rxc1+ 34. Bxc1 Qxb4 35. Nb3 Bg5 36. Qxg5 Qxb3 37. Qf4 Qc2 1/2-1/2

[Event "Pardubice Czech op-B 28th"]
[Site "Pardubice"]
[Date "2017.07.22"]
[Round "2"]
[White "Dechant, Georg"]
[Black "Zanikov, Konstantin"]
[Result "0-1"]
[WhiteElo "1962"]
[BlackElo "2084"]
[PlyCount "44"]
[EventDate "2017.07.21"]
[EventType "swiss"]
[EventRounds "9"]
[EventCountry "CZE"]
[SourceTitle "CBM 179 Extra"]
[Source "ChessBase"]
[SourceDate "2017.08.23"]
[SourceVersion "1"]
[SourceVersionDate "2017.08.23"]
[SourceQuality "1"]

1. e4 c5 2. Nf3 d6 3. d4 cxd4 4. Nxd4 Nf6 5. Nc3 a6 6. f4 e6 7. Qf3 Be7 8. Be3 Nbd7 9. g4 Nb6 10. g5 Nfd7 11. 0-0-0 0-0 12. h4 Qc7 13. h5 Nc4 14. Bxc4 Qxc4 15. Qg3 b5 16. f5 b4 17. Nb1 Ne5 18. f6 Bd8 19. fxg7 Re8 20. g6 Bb7 21. gxh7+ Kxh7 22. Qg5 Bxg5 0-1

[Event "GER-ch U25-A"]
[Site "Willingen"]
[Date "2017.06.08"]
[Round "7"]
[White "Dechant, Georg"]
[Black "Weinkauf, Viktor"]
[Result "1-0"]
[WhiteElo "1905"]
[BlackElo "1781"]
[PlyCount "61"]
[EventDate "2017.06.04"]
[EventType "swiss"]
[EventRounds "9"]
[EventCountry "GER"]
[SourceTitle "CBM 178 Extra"]
[Source "ChessBase"]
[SourceDate "2017.06.22"]
[SourceVersion "1"]
[SourceVersionDate "2017.06.22"]
[SourceQuality "1"]

1. e4 c5 2. Nf3 e6 3. d4 cxd4 4. Nxd4 a6 5. Bd3 Nf6 6. 0-0 d6 7. Be3 Be7 8. c4 b6 9. Nc3 0-0 10. Qe2 Bb7 11. f4 Nbd7 12. Nb3 Qc7 13. Rad1 Rac8 14. Nd2 Rfe8 15. a3 Qb8 16. g4 g6 17. g5 Nh5 18. Qf2 d5 19. cxd5 exd5 20. Be2 Ng7 21. f5 Bd6 22. fxg6 fxg6 23. Qf7+ Kh8 24. Qxd7 Bxh2+ 25. Kh1 dxe4 26. Qh3 Be5 27. Nc4 Nf5 28. Rxf5 gxf5 29. Nxe5 Rxe5 30. Rd7 f4 31. Qxh7# 1-0

[Event "GER-ch U25-A"]
[Site "Willingen"]
[Date "2017.06.06"]
[Round "4"]
[White "Verhufen, Hendrik"]
[Black "Dechant, Georg"]
[Result "0-1"]
[WhiteElo "1648"]
[BlackElo "1905"]
[PlyCount "56"]
[EventDate "2017.06.04"]
[EventType "swiss"]
[EventRounds "9"]
[EventCountry "GER"]
[SourceTitle "CBM 178 Extra"]
[Source "ChessBase"]
[SourceDate "2017.06.22"]
[SourceVersion "1"]
[SourceVersionDate "2017.06.22"]
[SourceQuality "1"]

1. e4 c5 2. Nf3 d6 3. d4 cxd4 4. Nxd4 Nf6 5. Nc3 a6 6. Be3 e5 7. Nf3 Be7 8. Bc4 0-0 9. 0-0 Be6 10. Bxe6 fxe6 11. Ng5 Qd7 12. f4 exf4 13. Bxf4 h6 14. e5 dxe5 15. Qxd7 Nbxd7 16. Nxe6 Rfc8 17. Be3 Kf7 18. Nd4 exd4 19. Bxd4 Bc5 20. Rad1 Bxd4+ 21. Rxd4 Kg8 22. Rd6 b5 23. Nd5 Nxd5 24. Rxd7 Nf6 25. Rb7 Rxc2 26. Re1 Rd8 27. h3 Rdd2 28. Ree7 Rxg2+ 0-1